Construction & explotation des grands régeaux de transport d'energie electrique a très haute tension compte rendu des travaux / (Record no. 146380)

MARC details
000 -LEADER
campo de control de longitud fija 00507nam a2200145 i 4500
001 - NÚMERO DE CONTROL
campo de control 146380
003 - IDENTIFICADOR DE NÚMERO DE CONTROL
campo de control ES-MaACL
007 - CAMPO FIJO DE DESCRIPCIÓN FÍSICA--INFORMACIÓN GENERAL
campo de control de longitud fija t|
008 - DATOS DE LONGITUD FIJA--INFORMACIÓN GENERAL
campo de control de longitud fija 070907s1922 fr ||||1| fre d
100 1# - ENTRADA PRINCIPAL--NOMBRE DE PERSONA
Nombre de persona Tribot Laspière, Jean.
9 (RLIN) 111390
245 10 - MENCIÓN DEL TÍTULO
Título Construction & explotation des grands régeaux de transport d'energie electrique a très haute tension compte rendu des travaux /
Mención de responsabilidad, etc. établi par Jean Tribot Laspière.
260 ## - PUBLICACIÓN, DISTRIBUCIÓN, ETC.
Lugar de publicación, distribución, etc. Paris :
Nombre del editor, distribuidor, etc. [Chaix],
Fecha de publicación, distribución, etc. 1922.
300 ## - DESCRIPCIÓN FÍSICA
Extensión 1176 p. ;
Dimensiones 25 cm.
852 ## - LOCALIZACIÓN
Ubicación ES-MaACL
Número de control de estantería B-4409
Holdings
Estatus retirado Estado de pérdida Estado de daño No para préstamo Biblioteca de origen Biblioteca actual Ubicación en estantería Fecha de adquisición Fuente de adquisición Total de préstamos Signatura topográfica completa Código de barras Visto por última vez Precio de reemplazo Tipo de ítem Koha
        Biblioteca del Ateneo de Madrid Biblioteca del Ateneo de Madrid Sala Pardo Bazán 17/01/2008     B-4409 1152782 23/02/2023 23/02/2023 Libro impreso